[Event "BRA-ch U26"]
[Site "Joinville"]
[Date "2023.10.10"]
[Round "2"]
[White "Pereira, Elivan Dos Santos"]
[Black "Santos Da Paz, Elloan Ronny"]
[Result "1-0"]
[WhiteElo "1692"]
[BlackElo "1800"]
[PlyCount "105"]
[EventDate "2023.10.09"]
[EventType "swiss"]
[EventRounds "6"]
[EventCountry "BRA"]
[SourceTitle "Mega2024 Update 01"]
[Source "Chessbase"]
[SourceDate "2023.11.12"]
[SourceVersion "1"]
[SourceVersionDate "2023.11.12"]
[SourceQuality "1"]

1. e4 c5 2. Nf3 d6 3. d4 cxd4 4. Nxd4 Nf6 5. Nc3 Nc6 6. Be2 e5 7. Nb3 Be7 8. 0-0 0-0 9. Be3 a6 10. a4 Be6 11. Bf3 Nb4 12. Bg5 Rc8 13. a5 Nd7 14. Bxe7 Qxe7 15. Ra4 Nc6 16. Nd5 Qd8 17. Qd3 Nd4 18. Rxd4 exd4 19. Qxd4 Bxd5 20. Qxd5 Nc5 21. Rd1 Nxb3 22. Qxb3 Qxa5 23. c3 Qc7 24. Rd4 g6 25. Qd1 Qb6 26. Rb4 Qc7 27. Rd4 Rfd8 28. Qd2 Kg7 29. Bg4 Rb8 30. h4 Qe7 31. h5 h6 32. hxg6 fxg6 33. f4 h5 34. Bh3 Rf8 35. f5 Rbd8 36. fxg6 Qf6 37. Bf5 b5 38. Qd1 Qg5 39. Rd5 Qe3+ 40. Kh1 Qf4 41. Qd4+ Rf6 42. Qa7+ Kh6 43. Qh7+ Kg5 44. Bd7+ Kh4 45. Qxh5+ Kg3 46. Rd3+ Kf2 47. Qc5+ Ke2 48. Bg4+ Qxg4 49. Qe3+ Kf1 50. Qc1+ Kf2 51. Qc2+ Ke1 52. Re3+ Kf1 53. Qc1+ 1-0

[Event "BRA-ch U26"]
[Site "Joinville"]
[Date "2023.10.10"]
[Round "3"]
[White "Santos Da Paz, Elloan Ronny"]
[Black "Da Silva, Lucas Gabriel Mendo"]
[Result "1-0"]
[WhiteElo "1800"]
[BlackElo "1800"]
[PlyCount "51"]
[EventDate "2023.10.09"]
[EventType "swiss"]
[EventRounds "6"]
[EventCountry "BRA"]
[SourceTitle "Mega2024 Update 01"]
[Source "Chessbase"]
[SourceDate "2023.11.12"]
[SourceVersion "1"]
[SourceVersionDate "2023.11.12"]
[SourceQuality "1"]

1. e4 c5 2. Nf3 Nf6 3. e5 Nd5 4. c3 e6 5. Bc4 g6 6. d4 cxd4 7. Bxd5 exd5 8. cxd4 Bg7 9. 0-0 0-0 10. Nc3 d6 11. Bg5 Qd7 12. Nxd5 dxe5 13. dxe5 Kh8 14. Qd3 b6 15. Rad1 Bb7 16. Nxb6 Qf5 17. Nxa8 Bxa8 18. Be7 Re8 19. Bf6 Bxf3 20. Qxf3 Qe6 21. Rd6 Qxa2 22. Rfd1 Kg8 23. Rd8 Rxd8 24. Rxd8+ Bf8 25. h3 Na6 26. Rxf8+ 1-0